Flaggen der deutschen Bundesländer - Statistiken

Allgemein
  • Dieses Quiz wurde 164 mal gespielt
  • Das Durchschnittsergebnis liegt bei 11 aus 16
Antwortstatistiken
Bildquiz Antwort % Korrekt
Berlin
93%
Bayern
92%
Hamburg
82%
Niedersachsen
76%
Sachsen
70%
Baden-Württemberg
69%
Nordrhein-Westfalen
69%
Brandenburg
65%
Schleswig-Holstein
64%
Hessen
63%
Saarland
63%
Sachsen-Anhalt
63%
Thüringen
63%
Mecklenburg-Vorpommern
60%
Bremen
59%
Rheinland-Pfalz
58%
Keine übereinstimmenden Quizze gefunden
Verteilung der Resultate
Anzahl Personen mit jedem Resultat
Perzentil nach korrekt beantworteten Fragen
Ihre Resultats-Entwicklung
Sie haben dieses Quiz noch nicht gespielt